| 000 | 00723nam a2200217 a 4500 | ||
|---|---|---|---|
| 001 | 000046892 | ||
| 005 | 20201002053205.0 | ||
| 008 | 180406s2016 dr a r 000 0 spa d | ||
| 020 | _a9789945175714 | ||
| 040 |
_aDO-SdBNP _bspa _cBNPHU |
||
| 082 |
_axxxx _bxxxx |
||
| 245 | 0 | 0 |
_aEducación artística 2 : _bprimaria 2 / _cedición Lynnette Defilló ; colaboradora Loela Galaviz García. |
| 260 |
_aSanto Domingo : _bSM, _c2016. |
||
| 300 |
_a95 p. : _bil. ; _c21 cm. |
||
| 490 | 1 | _aProyecto conecta | |
| 500 | _aIncluye notas al pie de las páginas | ||
| 590 | _aInventariado, 2018/BT | ||
| 700 | 1 |
_aDefilló, Lynnette, _eed. _974829 |
|
| 700 | 1 |
_aGalaviz García, Loeta, _ecol. _974832 |
|
| 830 | 0 |
_aProyecto conecta _974828 |
|
| 999 |
_c46381 _d46381 |
||